[Event "Girls U14 Polish Youth Championship"]
[Site "chess24.com"]
[Date "2018.04.30"]
[Round "2"]
[White "Zniszczol, Wiktoria"]
[Black "Mytnik, Kinga"]
[Result "0-1"]
[Board "9"]
[WhiteElo "1555"]
[WhiteCountry "POL"]
[WhiteFideId "1194895"]
[WhiteEloChange "-16"]
[BlackElo "1334"]
[BlackCountry "POL"]
[BlackFideId "21819572"]
[BlackEloChange "16"]

1. e4 {[%clk 1:30:57]} d6 {[%clk 1:30:55]} 2. d4 {[%clk 1:30:26]} Nf6 {[%clk
1:30:59]} 3. Nc3 {[%clk 1:30:47]} e5 {[%clk 1:31:02]} 4. Nf3 {[%clk 1:30:31]}
Nbd7 {[%clk 1:30:59]} 5. Bc4 {[%clk 1:30:06]} Be7 {[%clk 1:31:17]} 6. O-O {[%clk
1:29:32]} O-O {[%clk 1:30:41]} 7. Re1 {[%clk 1:29:34]} c6 {[%clk 1:29:41]} 8. a4
{[%clk 1:29:37]} a5 {[%clk 1:28:59]} 9. Ba2 {[%clk 1:25:48]} b6 {[%clk 1:22:15]}
10. h3 {[%clk 1:22:32]} Qc7 {[%clk 1:16:55]} 11. Nh4 {[%clk 1:20:44]} Re8 {[%clk
1:11:23]} 12. Nf5 {[%clk 1:19:58]} Nf8 {[%clk 1:09:09]} 13. g4 {[%clk 1:06:58]}
Ng6 {[%clk 0:57:36]} 14. g5 {[%clk 1:05:23]} Nd7 {[%clk 0:51:33]} 15. Qf3 {[%clk
1:04:43]} Rf8 {[%clk 0:36:53]} 16. h4 {[%clk 1:02:08]} exd4 {[%clk 0:34:50]} 17.
h5 {[%clk 0:56:10]} Nde5 {[%clk 0:31:31]} 18. Qg3 {[%clk 0:52:16]} dxc3 {[%clk
0:29:12]} 19. hxg6 {[%clk 0:48:51]} Nxg6 {[%clk 0:28:16]} 20. Kg2 {[%clk
0:46:01]} Be6 {[%clk 0:23:40]} 21. Rh1 {[%clk 0:31:35]} Rfc8 {[%clk 0:11:44]} 22.
Qh2 {[%clk 0:27:31]} Nf8 {[%clk 0:11:57]} 23. g6 {[%clk 0:08:19]} Bxa2 {[%clk
0:06:16]} 24. gxh7+ {[%clk 0:08:40]} Kh8 {[%clk 0:06:35]} 25. Rxa2 {[%clk
0:03:38]} Ng6 {[%clk 0:05:52]} 26. bxc3 {[%clk 0:02:53]} Qd7 {[%clk 0:04:16]} 27.
f3 {[%clk 0:02:15]} Qe6 {[%clk 0:04:13]} 28. Rb2 {[%clk 0:02:03]} Rab8 {[%clk
0:04:02]} 29. Nd4 {[%clk 0:01:42]} Qd7 {[%clk 0:03:25]} 30. Be3 {[%clk 0:01:36]}
d5 {[%clk 0:03:03]} 31. e5 {[%clk 0:01:06]} c5 {[%clk 0:02:43]} 32. Nb5 {[%clk
0:01:22]} Qe6 {[%clk 0:02:05]} 33. Rbb1 {[%clk 0:01:12]} Nxe5 {[%clk 0:01:40]}
34. Bf4 {[%clk 0:01:10]} Qg6+ {[%clk 0:01:36]} 35. Qg3 {[%clk 0:00:44]} Qxc2+
{[%clk 0:01:04]} 36. Kh3 {[%clk 0:00:53]} Qf5+ {[%clk 0:01:22]} 37. Kg2 {[%clk
0:01:16]} f6 {[%clk 0:01:40]} 38. Rbe1 {[%clk 0:01:19]} Rb7 {[%clk 0:00:41]} 39.
Bxe5 {[%clk 0:01:32]} fxe5 {[%clk 0:00:54]} 40. Rxe5 {[%clk 0:01:45]} Qc2+ {[%clk
0:00:57]} 41. Kh3 {[%clk 0:01:12]} Qxa4 {[%clk 0:01:09]} 42. Rg1 {[%clk 0:00:42]}
Bf6 {[%clk 0:01:20]} 43. Nd6 {[%clk 0:01:08]} Qd7+ {[%clk 0:01:41]} 44. Nf5
{[%clk 0:01:07]} Bxe5 {[%clk 0:00:48]} 45. Qxe5 {[%clk 0:01:30]} Re8 {[%clk
0:00:55]} 46. Qd6 {[%clk 0:01:28]} Qxf5+ {[%clk 0:00:57]} 0-1

[Event "Girls U14 Polish Youth Championship"]
[Site "chess24.com"]
[Date "2018.04.30"]
[Round "2"]
[White "Kaznowska, Weronika"]
[Black "Krzyzosiak, Anna"]
[Result "0-1"]
[Board "10"]
[WhiteElo "1131"]
[WhiteCountry "POL"]
[WhiteFideId "21816719"]
[WhiteEloChange "-2"]
[BlackElo "1552"]
[BlackCountry "POL"]
[BlackFideId "21820430"]
[BlackEloChange "2"]

1. d4 {[%clk 1:30:58]} Nf6 {[%clk 1:30:52]} 2. c4 {[%clk 1:31:22]} g6 {[%clk
1:31:17]} 3. Nc3 {[%clk 1:31:46]} Bg7 {[%clk 1:31:40]} 4. e4 {[%clk 1:32:10]} d6
{[%clk 1:32:03]} 5. Be2 {[%clk 1:32:24]} O-O {[%clk 1:32:10]} 6. Nf3 {[%clk
1:32:36]} Ne8 {[%clk 1:23:29]} 7. O-O {[%clk 1:22:26]} f5 {[%clk 1:22:56]} 8. Ne1
{[%clk 1:21:36]} Nc6 {[%clk 1:21:48]} 9. Nc2 {[%clk 1:20:54]} e5 {[%clk 1:20:48]}
10. d5 {[%clk 1:19:52]} Ne7 {[%clk 1:20:52]} 11. f3 {[%clk 1:19:40]} f4 {[%clk
1:19:52]} 12. Ne1 {[%clk 1:17:51]} g5 {[%clk 1:18:09]} 13. Nd3 {[%clk 1:16:45]}
Rf7 {[%clk 1:12:58]} 14. Qb3 {[%clk 1:10:27]} Bh8 {[%clk 1:09:27]} 15. Bd2 {[%clk
1:08:38]} Rg7 {[%clk 1:08:14]} 16. c5 {[%clk 1:08:31]} h5 {[%clk 1:03:10]} 17. h3
{[%clk 1:06:53]} Nf6 {[%clk 0:55:50]} 18. Rac1 {[%clk 1:04:55]} a6 {[%clk
0:55:25]} 19. Nd1 {[%clk 0:57:34]} g4 {[%clk 0:54:10]} 20. hxg4 {[%clk 0:56:09]}
hxg4 {[%clk 0:54:33]} 21. Bc3 {[%clk 0:56:25]} gxf3 {[%clk 0:52:24]} 22. Bxf3
{[%clk 0:56:36]} Ng6 {[%clk 0:51:08]} 23. Qb4 {[%clk 0:50:12]} Nh4 {[%clk
0:49:31]} 24. Be1 {[%clk 0:45:41]} Nxf3+ {[%clk 0:42:26]} 25. Rxf3 {[%clk
0:45:55]} Nh5 {[%clk 0:34:09]} 26. Nc3 {[%clk 0:43:33]} Bg4 {[%clk 0:32:11]} 27.
Rf1 {[%clk 0:42:37]} Rb8 {[%clk 0:30:37]} 28. Rc2 {[%clk 0:40:56]} Ng3 {[%clk
0:25:11]} 29. cxd6 {[%clk 0:33:25]} Qh4 {[%clk 0:20:40]} 30. Nf2 {[%clk 0:32:59]}
Rh7 {[%clk 0:18:39]} 31. Nh3 {[%clk 0:29:22]} cxd6 {[%clk 0:17:58]} 32. Qxd6
{[%clk 0:28:32]} Rf8 {[%clk 0:13:57]} 33. Bf2 {[%clk 0:22:01]} Bxh3 {[%clk
0:06:07]} 34. Qg6+ {[%clk 0:19:16]} Rg7 {[%clk 0:05:26]} 35. Bxg3 {[%clk
0:19:10]} Qxg3 {[%clk 0:04:00]} 36. Qxg3 {[%clk 0:19:33]} Rxg3 {[%clk 0:04:24]}
37. Kh2 {[%clk 0:18:55]} Bd7 {[%clk 0:03:20]} 38. Rf3 {[%clk 0:17:39]} Rg6 {[%clk
0:03:02]} 39. Nd1 {[%clk 0:17:02]} Rf7 {[%clk 0:02:34]} 40. Nf2 {[%clk 0:17:13]}
Rfg7 {[%clk 0:02:09]} 41. Nd3 {[%clk 0:17:32]} Rh7+ {[%clk 0:01:07]} 42. Kg1
{[%clk 0:17:40]} Bf6 {[%clk 0:01:10]} 43. Nc5 {[%clk 0:17:52]} Bg4 {[%clk
0:01:11]} 44. Rfc3 {[%clk 0:17:55]} Bd8 {[%clk 0:00:57]} 45. Nd3 {[%clk 0:16:58]}
Bb6+ {[%clk 0:01:13]} 46. Nc5 {[%clk 0:17:07]} Rc7 {[%clk 0:01:13]} 47. Kf1
{[%clk 0:17:04]} Rxc5 {[%clk 0:01:11]} 48. Rxc5 {[%clk 0:17:26]} Bxc5 {[%clk
0:01:41]} 49. Rxc5 {[%clk 0:17:45]} Rd6 {[%clk 0:01:48]} 50. Rc7 {[%clk 0:17:55]}
Rd7 {[%clk 0:01:59]} 51. Rc5 {[%clk 0:17:24]} Kf7 {[%clk 0:02:10]} 52. Kf2 {[%clk
0:17:34]} Ke7 {[%clk 0:01:22]} 53. a3 {[%clk 0:16:44]} Kd6 {[%clk 0:01:19]} 54.
b4 {[%clk 0:16:47]} Rc7 {[%clk 0:01:16]} 55. Rxc7 {[%clk 0:17:03]} Kxc7 {[%clk
0:01:43]} 56. g3 {[%clk 0:17:10]} Kd6 {[%clk 0:01:40]} 57. a4 {[%clk 0:17:23]} b6
{[%clk 0:01:39]} 58. Kg2 {[%clk 0:17:07]} a5 {[%clk 0:01:53]} 59. b5 {[%clk
0:17:12]} Bd1 {[%clk 0:02:11]} 60. gxf4 {[%clk 0:17:35]} exf4 {[%clk 0:02:32]}
61. Kf2 {[%clk 0:17:51]} Ke5 {[%clk 0:02:40]} 62. Kg2 {[%clk 0:18:05]} Bxa4
{[%clk 0:02:59]} 63. Kf3 {[%clk 0:18:28]} Bxb5 {[%clk 0:03:22]} 64. d6 {[%clk
0:18:51]} a4 {[%clk 0:03:34]} 65. d7 {[%clk 0:19:14]} Bxd7 {[%clk 0:03:57]} 66.
Kf2 {[%clk 0:19:37]} a3 {[%clk 0:04:04]} 67. Kf3 {[%clk 0:20:00]} a2 {[%clk
0:04:31]} 68. Kf2 {[%clk 0:20:27]} Kxe4 {[%clk 0:04:57]} 69. Ke2 {[%clk 0:20:49]}
a1Q {[%clk 0:05:21]} 70. Kf2 {[%clk 0:21:15]} Qb2+ {[%clk 0:05:40]} 71. Kf1
{[%clk 0:21:37]} Kf3 {[%clk 0:06:06]} 72. Kg1 {[%clk 0:21:59]} Qg2# {[%clk
0:06:29]} 0-1

[Event "Girls U14 Polish Youth Championship"]
[Site "chess24.com"]
[Date "2018.04.30"]
[Round "2"]
[White "Mirowska, Oliwia"]
[Black "Bychowska, Marta"]
[Result "1-0"]
[Board "11"]
[WhiteElo "1492"]
[WhiteCountry "POL"]
[WhiteFideId "21807574"]
[WhiteEloChange "2"]
[BlackElo "1114"]
[BlackCountry "POL"]
[BlackFideId "21889643"]
[BlackEloChange "-2"]

1. a3 {[%clk 1:30:56]} g6 {[%clk 1:30:38]} 2. d4 {[%clk 1:31:08]} Bg7 {[%clk
1:30:59]} 3. e3 {[%clk 1:31:27]} Nf6 {[%clk 1:30:31]} 4. Nf3 {[%clk 1:31:35]} d6
{[%clk 1:29:59]} 5. c4 {[%clk 1:31:53]} O-O {[%clk 1:30:08]} 6. Nc3 {[%clk
1:32:09]} c5 {[%clk 1:29:19]} 7. Be2 {[%clk 1:32:02]} b6 {[%clk 1:22:25]} 8. O-O
{[%clk 1:32:10]} h5 {[%clk 1:20:53]} 9. h3 {[%clk 1:31:16]} Nh7 {[%clk 1:21:01]}
10. Bd2 {[%clk 1:30:36]} e5 {[%clk 1:20:08]} 11. dxe5 {[%clk 1:25:51]} dxe5
{[%clk 1:20:13]} 12. e4 {[%clk 1:24:52]} Nc6 {[%clk 1:19:10]} 13. Qc1 {[%clk
1:24:22]} Nd4 {[%clk 1:18:42]} 14. Nxd4 {[%clk 1:23:57]} exd4 {[%clk 1:16:19]}
15. Nd5 {[%clk 1:23:23]} Qh4 {[%clk 1:08:53]} 16. Bf3 {[%clk 1:22:31]} Be5 {[%clk
1:07:59]} 17. Bf4 {[%clk 1:18:29]} Bxf4 {[%clk 1:06:12]} 18. Qxf4 {[%clk
1:18:15]} Qxf4 {[%clk 1:06:23]} 19. Nxf4 {[%clk 1:18:37]} Ng5 {[%clk 1:06:40]}
20. Kh2 {[%clk 1:14:06]} Nxf3+ {[%clk 1:06:47]} 21. gxf3 {[%clk 1:14:31]} Be6
{[%clk 1:06:19]} 22. b3 {[%clk 1:14:10]} Kh7 {[%clk 1:06:06]} 23. Nd3 {[%clk
1:14:01]} Rae8 {[%clk 1:04:02]} 24. Rae1 {[%clk 1:13:51]} f6 {[%clk 1:02:10]} 25.
f4 {[%clk 1:11:34]} Bd7 {[%clk 0:58:52]} 26. f3 {[%clk 1:10:16]} Rc8 {[%clk
0:58:39]} 27. a4 {[%clk 1:08:23]} a6 {[%clk 0:58:50]} 28. Ra1 {[%clk 1:06:02]} a5
{[%clk 0:58:11]} 29. Rf2 {[%clk 1:05:11]} Rg8 {[%clk 0:57:48]} 30. Rg1 {[%clk
1:05:20]} Bc6 {[%clk 0:52:12]} 31. Rg3 {[%clk 1:02:42]} Rce8 {[%clk 0:51:47]} 32.
h4 {[%clk 1:00:57]} Kh6 {[%clk 0:47:57]} 33. Rfg2 {[%clk 1:00:36]} Re7 {[%clk
0:47:04]} 34. f5 {[%clk 0:56:48]} Reg7 {[%clk 0:36:22]} 35. Rxg6+ {[%clk
0:49:44]} Rxg6 {[%clk 0:36:29]} 36. Rxg6+ {[%clk 0:50:01]} Rxg6 {[%clk 0:36:47]}
37. fxg6 {[%clk 0:49:59]} Kxg6 {[%clk 0:37:09]} 38. Nf4+ {[%clk 0:50:03]} Kh6
{[%clk 0:35:43]} 39. Kg3 {[%clk 0:50:08]} Bd7 {[%clk 0:29:33]} 40. Nd5 {[%clk
0:50:06]} f5 {[%clk 0:29:43]} 41. e5 {[%clk 0:46:22]} d3 {[%clk 0:28:14]} 42. Kf2
{[%clk 0:45:05]} f4 {[%clk 0:27:41]} 43. Nxf4 {[%clk 0:45:14]} Bf5 {[%clk
0:28:04]} 44. Ke3 {[%clk 0:45:32]} Bg6 {[%clk 0:26:46]} 45. Nd5 {[%clk 0:44:30]}
Bf5 {[%clk 0:26:13]} 46. Nxb6 {[%clk 0:44:15]} Kg7 {[%clk 0:26:25]} 47. Nd5
{[%clk 0:44:21]} Kf7 {[%clk 0:26:13]} 48. Nf4 {[%clk 0:44:28]} Bg6 {[%clk
0:24:06]} 49. Nxd3 {[%clk 0:44:25]} Ke7 {[%clk 0:23:49]} 50. Nxc5 {[%clk
0:44:32]} Bc2 {[%clk 0:23:31]} 51. Kf4 {[%clk 0:44:06]} Bd1 {[%clk 0:23:25]} 52.
Ke4 {[%clk 0:43:04]} Kf7 {[%clk 0:23:32]} 53. f4 {[%clk 0:42:54]} Bc2+ {[%clk
0:23:18]} 54. Kd5 {[%clk 0:43:00]} Kg6 {[%clk 0:21:41]} 55. e6 {[%clk 0:42:20]}
Kf6 {[%clk 0:21:58]} 56. Kd6 {[%clk 0:42:34]} Bg6 {[%clk 0:22:11]} 57. e7 {[%clk
0:40:07]} Kf5 {[%clk 0:21:49]} 58. Ne6 {[%clk 0:38:57]} Kg4 {[%clk 0:21:42]} 59.
c5 {[%clk 0:39:03]} Kxh4 {[%clk 0:21:13]} 60. c6 {[%clk 0:39:24]} Kg4 {[%clk
0:20:23]} 61. c7 {[%clk 0:39:39]} h4 {[%clk 0:20:42]} 62. c8Q {[%clk 0:39:43]} h3
{[%clk 0:21:05]} 63. Ng5+ {[%clk 0:39:59]} Bf5 {[%clk 0:21:16]} 64. Qxf5+ {[%clk
0:39:43]} Kxf5 {[%clk 0:21:28]} 65. Nxh3 {[%clk 0:40:05]} 1-0

[Event "Girls U14 Polish Youth Championship"]
[Site "chess24.com"]
[Date "2018.04.30"]
[Round "2"]
[White "Czarnecka, Lidia"]
[Black "Lewandowska, Weronika"]
[Result "1-0"]
[Board "12"]
[WhiteElo "1809"]
[WhiteCountry "POL"]
[WhiteFideId "21807531"]
[WhiteEloChange "2"]
[BlackElo "1219"]
[BlackCountry "POL"]
[BlackFideId "21814198"]
[BlackEloChange "-2"]

1. e4 {[%clk 1:30:57]} e6 {[%clk 1:30:54]} 2. d4 {[%clk 1:30:52]} d5 {[%clk
1:31:17]} 3. Nd2 {[%clk 1:30:04]} Nf6 {[%clk 1:31:22]} 4. e5 {[%clk 1:29:46]}
Nfd7 {[%clk 1:31:26]} 5. Bd3 {[%clk 1:29:25]} c5 {[%clk 1:30:03]} 6. c3 {[%clk
1:29:05]} Nc6 {[%clk 1:28:35]} 7. Ne2 {[%clk 1:29:11]} cxd4 {[%clk 1:26:48]} 8.
cxd4 {[%clk 1:29:16]} Qb6 {[%clk 1:23:56]} 9. Nf3 {[%clk 1:28:04]} Bb4+ {[%clk
1:19:02]} 10. Bd2 {[%clk 1:27:10]} a5 {[%clk 1:10:08]} 11. O-O {[%clk 1:26:59]}
a4 {[%clk 1:02:28]} 12. Rc1 {[%clk 1:25:39]} f6 {[%clk 0:55:16]} 13. exf6 {[%clk
1:22:13]} Nxf6 {[%clk 0:50:20]} 14. Bb1 {[%clk 1:19:36]} Bd7 {[%clk 0:46:32]} 15.
Bf4 {[%clk 1:09:54]} O-O {[%clk 0:37:50]} 16. Bg3 {[%clk 1:09:30]} Rfc8 {[%clk
0:34:29]} 17. Bh4 {[%clk 0:58:46]} Be7 {[%clk 0:30:54]} 18. Ne5 {[%clk 0:57:53]}
Be8 {[%clk 0:21:48]} 19. Qd2 {[%clk 0:43:10]} h6 {[%clk 0:16:42]} 20. Ng6 {[%clk
0:39:30]} Bxg6 {[%clk 0:12:42]} 21. Bxg6 {[%clk 0:39:54]} Ne4 {[%clk 0:11:56]}
22. Bxe4 {[%clk 0:39:03]} Bxh4 {[%clk 0:11:10]} 23. Bb1 {[%clk 0:38:40]} Bg5
{[%clk 0:09:49]} 24. f4 {[%clk 0:38:45]} Bf6 {[%clk 0:10:07]} 25. Rcd1 {[%clk
0:38:39]} Rc7 {[%clk 0:10:02]} 26. Qd3 {[%clk 0:38:14]} Kf8 {[%clk 0:08:48]} 27.
Kh1 {[%clk 0:37:50]} Ke7 {[%clk 0:08:04]} 28. f5 {[%clk 0:37:13]} Nd8 {[%clk
0:05:01]} 29. Nf4 {[%clk 0:36:36]} Qxb2 {[%clk 0:04:07]} 30. Rfe1 {[%clk
0:35:28]} Rc6 {[%clk 0:03:54]} 31. Nxd5+ {[%clk 0:34:39]} Kf7 {[%clk 0:03:53]}
32. fxe6+ {[%clk 0:33:32]} Nxe6 {[%clk 0:04:03]} 33. Nxf6 {[%clk 0:33:55]} Nf4
{[%clk 0:03:20]} 34. Qg3 {[%clk 0:33:24]} Rxf6 {[%clk 0:02:57]} 35. d5 {[%clk
0:33:27]} Rd8 {[%clk 0:02:36]} 36. d6 {[%clk 0:33:36]} g5 {[%clk 0:02:09]} 37. d7
{[%clk 0:31:39]} Ne6 {[%clk 0:01:17]} 38. Qd3 {[%clk 0:31:24]} Nf8 {[%clk
0:01:20]} 39. Qd5+ {[%clk 0:30:48]} Kg7 {[%clk 0:01:07]} 40. Re7+ {[%clk
0:30:45]} Kh8 {[%clk 0:01:23]} 41. Re8 {[%clk 0:29:58]} Qb6 {[%clk 0:01:05]} 42.
Qd3 {[%clk 0:29:46]} Kg7 {[%clk 0:00:58]} 43. Re7+ {[%clk 0:28:10]} Kg8 {[%clk
0:00:59]} 44. a3 {[%clk 0:26:47]} Qc6 {[%clk 0:01:00]} 45. Ba2+ {[%clk 0:26:20]}
Kh8 {[%clk 0:01:11]} 46. h3 {[%clk 0:26:30]} Rf2 {[%clk 0:01:29]} 47. Qd4+ {[%clk
0:21:56]} Qf6 {[%clk 0:01:41]} 48. Qxf6+ {[%clk 0:21:35]} Rxf6 {[%clk 0:02:03]}
49. Re8 {[%clk 0:22:02]} Rxd7 {[%clk 0:01:43]} 50. Rxd7 {[%clk 0:22:23]} Rf1+
{[%clk 0:02:03]} 51. Kh2 {[%clk 0:22:48]} Rf2 {[%clk 0:02:15]} 52. Rf7 {[%clk
0:23:07]} Rxf7 {[%clk 0:02:18]} 53. Bxf7 {[%clk 0:23:31]} Kg7 {[%clk 0:02:40]}
54. Bd5 {[%clk 0:23:54]} 1-0

[Event "Girls U14 Polish Youth Championship"]
[Site "chess24.com"]
[Date "2018.04.30"]
[Round "2"]
[White "Kudlak, Julia"]
[Black "Krzyzosiak, Marta"]
[Result "0-1"]
[Board "13"]
[WhiteElo "1209"]
[WhiteCountry "POL"]
[WhiteFideId "21859990"]
[WhiteEloChange "-2"]
[BlackElo "1567"]
[BlackCountry "POL"]
[BlackFideId "21820449"]
[BlackEloChange "2"]

1. e4 {[%clk 1:30:57]} e5 {[%clk 1:30:53]} 2. Nf3 {[%clk 1:31:18]} Nc6 {[%clk
1:31:07]} 3. Bc4 {[%clk 1:31:15]} Nf6 {[%clk 1:31:01]} 4. d4 {[%clk 1:24:40]}
exd4 {[%clk 1:24:35]} 5. O-O {[%clk 1:20:22]} d6 {[%clk 1:13:39]} 6. Nxd4 {[%clk
1:10:16]} Ne5 {[%clk 1:11:09]} 7. Bb3 {[%clk 1:07:56]} c5 {[%clk 1:08:44]} 8. Nb5
{[%clk 0:54:25]} a6 {[%clk 1:08:02]} 9. f4 {[%clk 0:47:23]} Neg4 {[%clk 1:05:02]}
10. N5c3 {[%clk 0:45:03]} c4 {[%clk 1:02:28]} 11. h3 {[%clk 0:38:02]} Qb6+ {[%clk
1:01:50]} 12. Kh1 {[%clk 0:36:38]} cxb3 {[%clk 0:58:06]} 13. hxg4 {[%clk
0:35:51]} Nxg4 {[%clk 0:58:27]} 14. Qe2 {[%clk 0:30:48]} bxc2 {[%clk 0:52:23]}
15. Qxc2 {[%clk 0:30:06]} Qc5 {[%clk 0:52:02]} 16. f5 {[%clk 0:25:05]} Be7 {[%clk
0:50:54]} 17. Qe2 {[%clk 0:24:16]} h5 {[%clk 0:48:18]} 18. Nd5 {[%clk 0:22:14]}
Bh4 {[%clk 0:45:41]} 19. b4 {[%clk 0:16:02]} Qc6 {[%clk 0:41:30]} 20. Nd2 {[%clk
0:11:40]} Ne5 {[%clk 0:36:31]} 21. Bb2 {[%clk 0:10:20]} Bd8 {[%clk 0:32:40]} 22.
Rac1 {[%clk 0:09:44]} Qb5 {[%clk 0:30:54]} 23. Nc4 {[%clk 0:07:54]} Nxc4 {[%clk
0:30:05]} 24. Rxc4 {[%clk 0:08:15]} f6 {[%clk 0:28:31]} 25. Ra1 {[%clk 0:05:13]}
Qd7 {[%clk 0:26:19]} 26. Bd4 {[%clk 0:04:33]} b5 {[%clk 0:25:06]} 27. Rc3 {[%clk
0:03:48]} Bb7 {[%clk 0:24:18]} 28. Nf4 {[%clk 0:01:47]} Rc8 {[%clk 0:18:27]} 29.
Rac1 {[%clk 0:02:08]} Rxc3 {[%clk 0:14:47]} 30. Rxc3 {[%clk 0:02:34]} Qf7 {[%clk
0:13:04]} 31. a3 {[%clk 0:01:28]} Kd7 {[%clk 0:08:42]} 32. Ne6 {[%clk 0:01:04]}
g6 {[%clk 0:07:28]} 33. Qf3 {[%clk 0:00:34]} gxf5 {[%clk 0:07:12]} 34. Qxf5
{[%clk 0:00:59]} Qxe6 {[%clk 0:07:19]} 35. Qg6 {[%clk 0:00:41]} Rg8 {[%clk
0:06:57]} 36. Qh7+ {[%clk 0:01:05]} Be7 {[%clk 0:07:23]} 37. Bb6 {[%clk 0:00:47]}
Rc8 {[%clk 0:06:49]} 38. Rxc8 {[%clk 0:01:09]} Kxc8 {[%clk 0:07:14]} 39. Qh8+
{[%clk 0:01:06]} Kd7 {[%clk 0:07:34]} 40. Qb8 {[%clk 0:01:32]} Qxe4 {[%clk
0:07:36]} 41. Qc7+ {[%clk 0:01:55]} Ke6 {[%clk 0:07:54]} 0-1

[Event "Girls U14 Polish Youth Championship"]
[Site "chess24.com"]
[Date "2018.04.30"]
[Round "2"]
[White "Jedrzejko, Martyna"]
[Black "Mysliwiec, Natalia"]
[Result "0-1"]
[Board "14"]
[WhiteElo "1482"]
[WhiteCountry "POL"]
[WhiteFideId "21820422"]
[WhiteEloChange "-13"]
[BlackElo "1391"]
[BlackCountry "POL"]
[BlackFideId "21831262"]
[BlackEloChange "13"]

1. e4 {[%clk 1:30:55]} d5 {[%clk 1:30:58]} 2. exd5 {[%clk 1:31:15]} Qxd5 {[%clk
1:31:26]} 3. Nc3 {[%clk 1:31:32]} Qd6 {[%clk 1:31:52]} 4. d4 {[%clk 1:30:57]} Nf6
{[%clk 1:31:17]} 5. Bc4 {[%clk 1:30:13]} Bg4 {[%clk 1:28:50]} 6. f3 {[%clk
1:27:21]} Bf5 {[%clk 1:25:39]} 7. Nge2 {[%clk 1:26:09]} a6 {[%clk 1:19:05]} 8.
Bf4 {[%clk 1:22:10]} Qd7 {[%clk 1:18:56]} 9. a3 {[%clk 1:19:44]} e6 {[%clk
1:17:02]} 10. Qd2 {[%clk 1:16:25]} Nc6 {[%clk 1:16:17]} 11. Ba2 {[%clk 1:07:32]}
Be7 {[%clk 1:11:13]} 12. O-O-O {[%clk 1:05:17]} O-O-O {[%clk 1:11:21]} 13. g4
{[%clk 1:01:31]} Bg6 {[%clk 1:10:40]} 14. h4 {[%clk 0:59:24]} h6 {[%clk 1:08:59]}
15. Qe3 {[%clk 0:51:10]} Bd6 {[%clk 1:04:58]} 16. Bxd6 {[%clk 0:41:10]} Qxd6
{[%clk 1:05:04]} 17. Qf2 {[%clk 0:36:02]} Ne7 {[%clk 0:58:18]} 18. Rhe1 {[%clk
0:28:46]} Nfd5 {[%clk 0:55:34]} 19. Ne4 {[%clk 0:24:22]} Qc6 {[%clk 0:47:14]} 20.
N2c3 {[%clk 0:22:47]} Rhe8 {[%clk 0:45:28]} 21. h5 {[%clk 0:16:10]} Bh7 {[%clk
0:44:55]} 22. Kb1 {[%clk 0:14:54]} Qb6 {[%clk 0:43:34]} 23. Na4 {[%clk 0:14:01]}
Qc6 {[%clk 0:37:24]} 24. Nac5 {[%clk 0:13:53]} Qb6 {[%clk 0:36:34]} 25. Rd3
{[%clk 0:08:04]} Qa7 {[%clk 0:30:22]} 26. Bc4 {[%clk 0:05:03]} Nc6 {[%clk
0:22:09]} 27. Ba2 {[%clk 0:03:27]} Nf4 {[%clk 0:21:49]} 28. Rdd1 {[%clk 0:02:06]}
Qb6 {[%clk 0:18:24]} 29. Na4 {[%clk 0:01:23]} Qa5 {[%clk 0:16:10]} 30. Nac3
{[%clk 0:00:43]} Nh3 {[%clk 0:12:49]} 31. Qh2 {[%clk 0:00:42]} Ng5 {[%clk
0:12:58]} 32. Nxg5 {[%clk 0:00:53]} Qxg5 {[%clk 0:13:26]} 33. Qf2 {[%clk
0:00:50]} Qf4 {[%clk 0:13:21]} 34. d5 {[%clk 0:00:51]} exd5 {[%clk 0:10:18]} 35.
Nxd5 {[%clk 0:01:00]} Rxe1 {[%clk 0:08:33]} 36. Rxe1 {[%clk 0:01:09]} Qg5 {[%clk
0:08:34]} 37. Qc5 {[%clk 0:00:40]} Qd2 {[%clk 0:08:24]} 38. Rc1 {[%clk 0:00:42]}
Kb8 {[%clk 0:05:47]} 39. Ne7 {[%clk 0:00:35]} Nxe7 {[%clk 0:05:52]} 40. Qxe7
{[%clk 0:00:59]} Qxc2+ {[%clk 0:05:56]} 41. Rxc2 {[%clk 0:00:39]} Rd1# {[%clk
0:06:20]} 0-1

[Event "Girls U14 Polish Youth Championship"]
[Site "chess24.com"]
[Date "2018.04.30"]
[Round "2"]
[White "Wysocka, Edyta"]
[Black "Bienko, Jagoda"]
[Result "0-1"]
[Board "15"]
[WhiteElo "1301"]
[WhiteCountry "POL"]
[WhiteFideId "21836663"]
[WhiteEloChange "-5"]
[BlackElo "1476"]
[BlackCountry "POL"]
[BlackFideId "1194569"]
[BlackEloChange "5"]

1. e4 {[%clk 1:30:30]} c5 {[%clk 1:30:49]} 2. Nf3 {[%clk 1:30:54]} d6 {[%clk
1:30:52]} 3. d4 {[%clk 1:31:19]} cxd4 {[%clk 1:30:51]} 4. Nxd4 {[%clk 1:31:44]}
Nf6 {[%clk 1:30:45]} 5. Nc3 {[%clk 1:31:37]} a6 {[%clk 1:26:57]} 6. Be2 {[%clk
1:27:44]} e6 {[%clk 1:24:47]} 7. O-O {[%clk 1:26:36]} Be7 {[%clk 1:24:51]} 8. Kh1
{[%clk 1:26:19]} b5 {[%clk 1:19:36]} 9. a3 {[%clk 1:25:11]} Bb7 {[%clk 1:18:43]}
10. Qd3 {[%clk 1:22:11]} Nbd7 {[%clk 1:16:27]} 11. Nb3 {[%clk 1:18:31]} Ne5
{[%clk 1:09:27]} 12. Qe3 {[%clk 1:15:48]} Nfd7 {[%clk 1:04:29]} 13. f4 {[%clk
1:10:43]} Nc4 {[%clk 1:03:41]} 14. Qd3 {[%clk 0:59:54]} Bf6 {[%clk 1:00:27]} 15.
Bf3 {[%clk 0:54:50]} Qc7 {[%clk 0:55:23]} 16. Re1 {[%clk 0:50:30]} O-O {[%clk
0:51:31]} 17. Rb1 {[%clk 0:43:50]} Nxa3 {[%clk 0:44:19]} 18. bxa3 {[%clk
0:41:54]} Bxc3 {[%clk 0:42:18]} 19. Rd1 {[%clk 0:41:10]} Nf6 {[%clk 0:37:37]} 20.
Bd2 {[%clk 0:34:39]} Bxd2 {[%clk 0:34:57]} 21. Rxd2 {[%clk 0:35:04]} d5 {[%clk
0:32:32]} 22. e5 {[%clk 0:33:01]} Ne4 {[%clk 0:32:46]} 23. Bxe4 {[%clk 0:31:23]}
dxe4 {[%clk 0:33:00]} 24. Qe3 {[%clk 0:31:05]} Rfd8 {[%clk 0:29:05]} 25. Rc1
{[%clk 0:27:46]} Rxd2 {[%clk 0:28:36]} 26. Nxd2 {[%clk 0:28:11]} Rd8 {[%clk
0:28:39]} 27. Nxe4 {[%clk 0:24:35]} Qc6 {[%clk 0:28:48]} 28. Re1 {[%clk 0:24:06]}
Qxe4 {[%clk 0:29:01]} 29. Qxe4 {[%clk 0:23:53]} Bxe4 {[%clk 0:29:20]} 30. c3
{[%clk 0:23:18]} Rd2 {[%clk 0:28:57]} 31. Rg1 {[%clk 0:23:42]} h6 {[%clk
0:28:49]} 32. h3 {[%clk 0:23:56]} Rd3 {[%clk 0:28:42]} 33. Kh2 {[%clk 0:24:11]}
Rxc3 {[%clk 0:29:01]} 34. Re1 {[%clk 0:24:25]} Bd5 {[%clk 0:29:15]} 35. Ra1
{[%clk 0:24:33]} Rc2 {[%clk 0:29:34]} 36. Rg1 {[%clk 0:24:58]} Ra2 {[%clk
0:29:53]} 37. h4 {[%clk 0:25:06]} Rxa3 {[%clk 0:30:12]} 38. h5 {[%clk 0:25:14]}
Ra2 {[%clk 0:30:21]} 39. Kh3 {[%clk 0:25:23]} b4 {[%clk 0:30:35]} 40. g4 {[%clk
0:25:21]} b3 {[%clk 0:30:33]} 41. Rb1 {[%clk 0:25:03]} b2 {[%clk 0:30:41]} 42. f5
{[%clk 0:25:06]} Be4 {[%clk 0:30:50]} 43. fxe6 {[%clk 0:24:59]} fxe6 {[%clk
0:31:09]} 44. g5 {[%clk 0:25:23]} Bxb1 {[%clk 0:31:23]} 45. g6 {[%clk 0:25:48]}
Bf5+ {[%clk 0:31:37]} 46. Kh4 {[%clk 0:26:02]} b1Q {[%clk 0:31:30]} 47. Kg3
{[%clk 0:26:26]} Qb3+ {[%clk 0:31:49]} 48. Kf4 {[%clk 0:26:50]} Ra4# {[%clk
0:32:13]} 0-1